Вып. 1: Капиталистический способ производства; Политическая экономия

Detalhes bibliográficos
Parent link:Политическая экономия: наглядное пособие в 2-х выпусках/ под ред. З. Н. Беляевой. Вып. 1: Капиталистический способ производства.— , 1970
Idioma:russo
Publicado em: 1970
Assuntos:
Formato: Livro
KOHA link:https://koha.lib.tpu.ru/cgi-bin/koha/opac-detail.pl?biblionumber=327213

MARC

LEADER 00000nam2a2200000 4500
001 327213
005 20231102003934.0
035 |a (RuTPU)RU\TPU\book\352873 
090 |a 327213 
100 |a 20170126d1970 m y0rusy50 ca 
101 0 |a rus 
102 |a RU 
105 |a a j 000zy 
200 0 |a Вып. 1: Капиталистический способ производства 
210 |d 1970 
215 |a 150 с.  |c ил. 
461 1 |0 (RuTPU)RU\TPU\book\352966  |t Политическая экономия  |o наглядное пособие в 2-х выпусках  |f под ред. З. Н. Беляевой  |v Вып. 1: Капиталистический способ производства  |d 1970 
606 1 |a Капитализм  |x Политическая экономия  |2 stltpush  |3 (RuTPU)RU\TPU\subj\36245  |9 57695 
610 1 |a политэкономия 
610 1 |a капиталистическое производство 
610 1 |a деньги 
610 1 |a капитал 
610 1 |a заработная плата 
610 1 |a накопление 
610 1 |a земельная рента 
610 1 |a империализм 
610 1 |a монополистический капитализм 
610 1 |a кризис 
610 1 |a аграрные отношения 
610 1 |a классовая борьба 
610 1 |a таблицы 
610 1 |a диаграммы 
610 1 |a схемы 
610 1 |a наглядные пособия 
686 |a У013.5я7  |v LBC/SL-A  |2 rubbk 
801 1 |a RU  |b 63413507  |c 20170126 
801 2 |a RU  |b 63413507  |c 20170127  |g RCR 
942 |c BK